000 00493cam a2200193ua 4500
020 _c600.00
041 _aeng
_h
082 _a631.586
_bGUP/CH
100 _aGupta, N L .
245 _aChallenge of waste land utilization issues and thomes /
_cN L Gupta.
_hTextual Documents
250 _a1 /
_b.
260 _aJaipur :
_bAcademic Publisehrs ,
_c1991.
300 _a256 ; .
365 _a600.00
504 _a
700 1 _aMaroo, R L .
942 _cBK
999 _c7423
_d7423